Paroles Paradis ou Enfer - Kaaris - Statistiques

Statistiques générales
  • Ce quiz a été pris 43 fois
  • Le résultat moyen est 268 sur 500
Statistiques - réponses
Hint Réponse % Correct
à
97%
A
97%
a
97%
le
94%
Le
94%
me
94%
C
91%
ce
88%
de
88%
la
88%
to
88%
et
85%
je
85%
Je
85%
mes
85%
par
85%
faire
82%
Faire
82%
ma
82%
ou
82%
82%
pas
82%
un
82%
Un
82%
c'est
79%
C'est
79%
l'Enfer
79%
Couplet 1 Les
79%
les
79%
ne
79%
Paradis
79%
ta
79%
te
79%
y
79%
au
76%
j'ai
76%
Mère
76%
mère
76%
Père
76%
tu
76%
dans
73%
Dans
73%
en
73%
est
73%
que
73%
Que
73%
qui
73%
il
70%
rêves
70%
rien
70%
son
70%
veux
70%
comme
67%
larmes
67%
l'Paradis
67%
peuvent
67%
se
67%
si
67%
sont
67%
Tout
67%
tout
67%
une
67%
du
64%
64%
fer
64%
notre
64%
on
64%
sale
64%
cou
61%
Refrain J'me
61%
l'âme
61%
mal
61%
mort
61%
nous
61%
sang
61%
Avant
58%
ça
58%
crève
58%
dois
58%
dompter
58%
donne
58%
essayer
58%
guerre
58%
j'aime
58%
moi
58%
mon
58%
Mon
58%
personne
58%
pour
58%
sauter
58%
toujours
58%
arme
55%
autant
55%
avorter
55%
Intro | Outro Back
55%
biff
55%
chanson
55%
couilles
55%
d'apprendre
55%
des
55%
éphémère
55%
Fais
55%
fais
55%
fait
55%
ferais
55%
fond
55%
Future
55%
mieux
55%
mortier
55%
peut
55%
soutif
55%
sur
55%
Terre
55%
the
55%
trêve
55%
vais
55%
blessant
52%
building
52%
crime
52%
d'mélodies
52%
d'y
52%
l'heure
52%
mais
52%
naissant
52%
y'a
52%
avoir
48%
balle
48%
bats
48%
Couplet 2 Chaque
48%
chez
48%
dalle
48%
d'êtres
48%
gam'
48%
honneur
48%
j'fais
48%
J'fais
48%
J'men
48%
matin
48%
méchant
48%
nouveau
48%
pilonner
48%
problème
48%
bonne
45%
bouffe
45%
derrière
45%
Dieu
45%
jour
45%
juste
45%
plomber
45%
réponse
45%
soit
45%
avec
42%
caisson
42%
c'que
42%
Faudra
42%
j'veux
42%
Nique
42%
passe
42%
peux
42%
quelle
42%
qu'tu
42%
raison
42%
Rimes
42%
temps
42%
vider
42%
avalé
39%
clic
39%
Malhônnête
39%
pieux
39%
saison
39%
ton
39%
Ton
39%
travers
39%
J'm'endors
36%
moisson
36%
pire
36%
poison
36%
pouvoir
36%
remède
36%
sales
36%
t'appliques
36%
bled
33%
Breitling
33%
d'autre
33%
ennemi
33%
face
33%
foison
33%
J'sais
33%
j'sais
33%
l'amour
33%
mettre
33%
n'est
33%
n'y
33%
plaît
33%
plus
33%
qu'on
33%
tes
33%
viens
33%
voir
33%
ballers
30%
boisson
30%
Côte
30%
cratères
30%
difficile
30%
d'Ivoire
30%
équipe
30%
foie
30%
J'attends
30%
laisse
30%
m'aide
30%
miroir
30%
Putes
30%
recycler
30%
revoir
30%
rivières
30%
sécherai
30%
s'il
30%
torrents
30%
yeux
30%
écrit
27%
fenêtres
27%
gris-noir
27%
passer
27%
sors
27%
suis
27%
attend
24%
Classe
24%
couloir
24%
cour
24%
courir
24%
deux
24%
d'la
24%
douilles
24%
fainéant
24%
grimoire
24%
même
24%
passons
24%
quand
24%
remplir
24%
seul
24%
ADN
21%
agressif
21%
congénaires
21%
c't'heure-ci
21%
d'avoir
21%
Depuis
21%
Couplet 3 Double
21%
giclée
21%
l'hostie
21%
l'périph
21%
Numéro
21%
numéro
21%
Pendant
21%
prends
21%
tracer
21%
Car
18%
déjà
18%
j'prends
18%
keufs
18%
l'son
18%
poudre
18%
rotor
18%
seufs
18%
bling-bling
15%
cœur
15%
durcit
15%
grand
15%
Gras
15%
hug
15%
l'argile
15%
Mardi
15%
négros
15%
pends
15%
qu'il
15%
race
15%
rancœur
15%
schneck
15%
tourne
15%
balles
12%
Bizon
12%
dis
12%
FAMAS
12%
glacé
12%
J'leur
12%
kickera
12%
malpoli
12%
palace
12%
Plutôt
12%
Popo
12%
qu'l'or
12%
ramollit
12%
cérébrale
9%
d'Al-Quaïda
9%
j'préfère
9%
mérite
9%
monitoring
9%
qu'je
9%
qu'la
9%
ring
9%
sursis
9%
valides
9%
Bekoli
6%
bonjour
6%
Chelmi
6%
fatiguera
6%
Goyo
6%
J'ferai
6%
J'monte
6%
King
6%
Koto
6%
Mehdi
6%
Miky
6%
n'sera
6%
qu'd'avoir
6%
qu'j'ne
6%
sortent
6%
tant
6%
Aucun quiz correspondant
Distribution des résultats
% des personnes avec chaque résultat
Percentile par nombre de réponses
Votre historique - résultats
Vous n’avez pas pris ce quiz